| 000 | 00380nam a2200157Ia 4500 | ||
|---|---|---|---|
| 008 | 210210b1988 xxu||||| |||| 00| 0 eng d | ||
| 082 | _a380 RAMT | ||
| 100 | _aRAMAN (B S) | ||
| 245 | _aText book of commerce. ii puc, Vol 2. Ed 1. | ||
| 250 | _a | ||
| 260 |
_aMangalore. _bUnited Publishers., _c1988 |
||
| 300 | _a179 | ||
| 440 | _a2 | ||
| 690 | _aCommerce | ||
| 906 | _aSG01045 | ||
| 999 |
_c112576 _d112576 |
||